000 01066nam0a22002411 4500
001 rc\903824
005 20260407135056.0
035 _a(NLR Aleph) 006079090
090 _a5075462
_c5075462
100 _a20041129d1983 |||y0rusy50 ca
101 0 _arus
102 _aRU
105 _aa |||||||||
200 1 _aРекомендации по организации системы производственного контроля качества в комплексном тресте по строительству магистральных трубопроводов
_eР502-83
_fВНИИ по стр-ву магистр. трубопроводов
210 _aМ.
_cВНИИСТ
_d1983
215 _a75 с., 1 л. табл.
_cил.
_d20
320 _aБиблиогр.: с. 74 (9 назв.)
712 0 2 _aВНИИ по строительству магистральных трубопроводов
_3RU\NLR\AUTH\8810003598
_9504477
801 0 _aRU
_bNLR
_gpsbo
801 1 _aRU
_bELAR
_2rusmarc
852 _aNLR
_bПт
_j80/369-502-83
942 _cBOOK
980 _aNB